000 00732nam a2200289Ia 4500
005 20260324140215.0
008 008 260324s9999 xx 000 0 eng d
020 _a9781315240053
037 _aEBOOK
040 _aCRL
040 _beng
040 _cCRL
041 _2eng
041 _aeng
084 _qCRL
100 _aAndrew Pettegree; N. Scott Amos
_91203526
245 4 _aThe Education of a Christian Society
245 0 _bHumanism and the Reformation in Britain and the Netherlands
260 _bTaylor and Francis
260 _c1999
365 _a
365 _b230
856 _uhttp://www.taylorfrancis.com/books/9781315240053
942 _cEBOOK
999 _c1805350
_d1805350